Представление документа в формате RUSMARC

ПолеНазваниеЗначение
  Тип записи a
  Библиографический уровень m
001 Контрольный номер RU/CBS_UL/BASE/fa777c6d552f4cbb9551fbc365ad2237
005 Дата корректировки 20230413152300.1
010 Индекс ISBN __
a ISBN 5-210-00318-3
b Уточнения в пер.
d Цена 243 р. 00 к.
9 Тираж 25 000 экз.
100 Данные общей обработки __
a Данные общей обработки 20230413d 0rusy0189## ca
101 Язык документа 0_
a Язык текста rus
102 Страна публикации __
a Страна публикации RU
200 Заглавие и сведения об ответственности 1_
a Заглавие Мастер Альбрехт
f Первые сведения об ответственности А. В. Степанов
210 Выходные данные 1_
a Место издания Ленинград
c Издательство Искусство. Ленинградское отделение
d Дата издания 1991
215 Физическое описание __
a Объем 181, [2] с.
d Формат 26 см.
c Иллюстрации/тип воспроизводства ил., портр.
300 Общие примечания __
a Общие примечания 12+
600 Персоналии _1
a Персоналии (Фамилия) Дюрер
b Персоналии (Имя, инициалы) А.
606 Тематические рубрики 0_
a Основная рубрика Дюрер, Альбрехт (1471-1528)
610 Ключевые слова 0_
a Ключевые слова художники немецкие; живописцы зарубежные; графики; картины; мастера искусства
686 Индексы других классификаций __
2 Код системы rubbk
a Классификационный индекс 85.143 (3)
700 Автор _1
a Фамилия Степанов
b Имя (инициалы) А. В.
g Полное личное имя Александр Викторович
801 Источник записи _0
a Страна RU
b Организация МБУК ЦБС г. Ульяновска
c Дата составления 20230413
g Правила каталогизации RCR
801 Источник записи _1
a Страна RU
b Организация МБУК ЦБС г. Ульяновска
c Дата составления 20230413
g Правила каталогизации RCR
852 Данные о местонахождении __
i Авторский знак С 79
j Шифр хранения 85.143(3)
901 Тип документа __
t Тип документа m